Hey stoopid

Bibliographic Details
Main Author: Cooper, Alice, 1948- (Composer, Singer, Instrumentalist, Lyricist)
Format: CD Audio
Language:English
PhysicalDescription:1 zvuková platňa digitál. 12 cm
Published: [S.l.] Sony Music Entertainment Czech Republic 2010
Subjects:

MARC

LEADER 00000njm a2200000 a 4500
001 vtls010501396
003 SK-MaSNL
005 20260331210225.0
007 sd fungnnmmned
008 160430p2010 xr rcnn n eng
040 |a SNK  |b slo  |c SNK  |e AACR2 
041 0 |d eng 
044 |a xr  |c CZ 
072 7 |a 784  |x Vokálna hudba  |2 konspekt 
080 |a 784.4  |2 2001 
080 |a 78.036  |2 2001 
080 |a (086.76)  |2 2001 
100 1 |a Cooper, Alice,  |d 1948-  |4 sng  |4 itr  |4 cmp  |4 lyr  |9 198784 
245 1 0 |a Hey stoopid  |h zvukový záznam  |c Alice Cooper 
260 |a [S.l.]  |b Sony Music Entertainment Czech Republic  |c 2010 
300 |a 1 zvuková platňa  |b digitál.  |c 12 cm 
500 |a Kompaktná platňa 
500 |a Na disku dátum výroby 2009 
500 |a C1991 Sony Music Entertainment / Epic 
500 |a Názov z obalu 
500 |a Príloha denníka Nový Čas 
505 0 0 |t Hey stoopid --  |t Love's a loaded gun --  |t Snakebite --  |t Burning our bed --  |t Dangerous tonight --  |t Might as well be on Mars --  |t Feed my Frankenstein --  |t Hurricane years --  |t Little by little --  |t Die for you --  |t Dirty dreams --  |t Wind-up toy 
508 |a Piesne napísal Alice Cooper a ďalší 
511 0 |a Alice Cooper, spev, harmonika 
650 0 7 |a rock  |2 SNKPH  |9 3179 
650 0 7 |a heavy metal  |2 SNKPH  |9 93398 
650 0 7 |a populárne piesne  |2 SNKPH  |9 3446 
655 7 |a kompaktné platne  |2 SNKPH  |9 70690 
999 |c 925132  |d 927062 
952 |a SNK  |b SNK  |y PREZ  |7 0  |p 17A1066809  |o snkICD 1058  |i snk2013/7711  |8 1  |0 0  |1 0  |4 0  |d 2013-04-05  |l 0  |r 2026-02-24 08:29:41  |w 2026-02-24 
952 |a SNK  |b SNK  |y PREZ  |7 0  |p 17A1066808  |o snkICD 1058 D1  |i snk2013/7712  |8 0  |0 0  |1 0  |4 0  |d 2013-04-05  |l 0  |r 2026-02-24 08:29:41  |w 2026-02-24